00756nam a22001697a 4500003000900000008004100009040007100050082002200121100002000143245006000163260003400223300003000257505023700287650001700524650001300541700003200554AR-CdUCM190328b ||||| |||| 00| 0 spa d aMUNICIPALIDAD PROVINCIAL DEL CUSCOcBIBLIOTECA MUNICIPAL DEL CUSCO a901 /bL34 / 1931 aLe Bon, Gustave aBases científicas de una filosofía de la historia / aMadrid :bM. Aguilar, c1931. a279 páginas ;c18.5 cm. aContenido: Filosofía actual del universo. La inestabilidad del mundo y su evolución -- Las diversas interpretaciones de la historia -- Las restituciones científicas de la historia -- Los elementos creadores de la historia ... aFilosofía. aHistoria aGarcía, F. (traducción)